Les dessin animés - Statistiques

Statistiques générales
  • Ce quiz a été pris 352 fois
  • Le résultat moyen est 10 sur 15
Statistiques - réponses
indices dessin animés % Correct
Babouche, Chipeur, carte dora
95%
3 espionnes, Jerry, le Woop totally spies
90%
Paris, ladybug, chat noir miraculous
89%
mèche blonde, Nadia, Manu titeuf
82%
Petit Tonnerre, jeune sioux de la tribu lakota, a la particularité de pouvoir comprendre et parler la langue des animaux, don conféré par son ami et totem, Grand Aigle yakari
81%
prison, bank, 4 frères les dalton
80%
lasagne, Jon Arbuckle, Odie garfield
79%
objet attaché à son poignet appelé Omnitrix, transformant en une variété d’extraterrestres, cousine Gwen qui est très mature et très intelligente et son grand-père Max ben 10
70%
un garçon de onze ans,dix sœurs,royal woods bienvenue chez les loud
68%
"Les Bleus de Port-Marie", football, usine à sardine foot de rue
63%
5 fouineurs, mystère, Crystal Cove scooby doo
54%
docteur gang, Sophie, Finot inspecteur gadget
48%
amis Lola et Victor,met en place des stratagèmes pour se sortir de n'importe quelle situation, mr leroux angelo la débrouille
40%
la famille MacBernik,le docteur Spratt, la Sardine et Mâchicoulis, équipage famille pirate
40%
kairu, stax, Lokar redakai
11%
Aucun quiz correspondant
Distribution des résultats
% des personnes avec chaque résultat
Percentile par nombre de réponses
Votre historique - résultats
Vous n’avez pas pris ce quiz